000 00665nam a22002057a 4500
005 20240530110428.0
008 150328s2008 ua g 000 j ara d
017 _a2007/2391
_bمصر . دار الكتب المصرية
020 _a9770919411
040 _aEG-CaGPL
082 0 4 _221
_a813.01\
_bإ ش
100 0 _aابراهيم اصلان
245 1 0 _aشئ من هذا القبيل /
_cابراهيم اصلان
250 _aط2.
260 _aالقاهرة :
_bدار الشروق ،
_c2008
300 _a132 ص ؛
_c20 سم
650 0 4 _aالقصص العربية القصيرة
942 _2ddc
_cBK
999 _c60786
_d60786